[Event "6. OPEN International Ch of Vojvodina 20"]
[Site "Novi Sad"]
[Date "2015.07.27"]
[Round "5.1"]
[White "Lukovic, Vladimir"]
[Black "Kadric, Denis"]
[Result "1/2-1/2"]
[WhiteElo "2417"]
[BlackElo "2511"]
[PlyCount "108"]
[EventDate "2015.07.25"]

1. e4 d6 2. d4 Nf6 3. Nc3 e5 4. Nf3 Nbd7 5. a4 Be7 6. Bc4 O-O 7. O-O c6 8. Ba2
Qc7 9. Qe2 exd4 10. Nxd4 Re8 11. Bf4 Bf8 12. Rfe1 h6 13. h3 Ne5 14. Rad1 a6 15.
b4 Qb6 16. b5 axb5 17. axb5 Qc5 18. Qd2 Nc4 19. Bxc4 Qxc4 20. bxc6 bxc6 21. Qd3
Qc5 22. Nb3 Qb4 23. Qd4 d5 24. exd5 Rxe1+ 25. Rxe1 Nxd5 26. Bd2 Qxd4 27. Nxd4
Nxc3 28. Bxc3 c5 29. Nc6 Be6 30. Ra1 Rc8 31. Ne5 Bf5 32. Rc1 c4 33. Nf3 Bh7 34.
Nd4 Bc5 35. Kf1 Rd8 36. Nc6 Rc8 37. Nd4 Bg6 38. Ke2 Rc7 39. g4 Re7+ 40. Kf1 Rd7
41. Nf3 f6 42. Nd2 Bf8 43. f3 Ra7 44. Bd4 Ra2 45. Ne4 f5 46. gxf5 Bxf5 47. h4
Be7 48. h5 Bxe4 49. fxe4 Bg5 50. Ra1 Rxc2 51. Ra7 c3 52. Rxg7+ Kf8 53. Rc7 Rc1+
54. Ke2 c2 1/2-1/2

[Event "6. OPEN International Ch of Vojvodina 20"]
[Site "Novi Sad"]
[Date "2015.07.27"]
[Round "5.2"]
[White "Atalik, Suat"]
[Black "Marholev, Dimitar"]
[Result "1-0"]
[WhiteElo "2564"]
[BlackElo "2317"]
[PlyCount "129"]
[EventDate "2015.07.25"]

1. Nf3 Nf6 2. c4 c5 3. Nc3 g6 4. d4 Bg7 5. dxc5 Qa5 6. Nd2 Qxc5 7. e4 O-O 8.
Be2 d6 9. Nb3 Qc7 10. Bg5 Nbd7 11. Rc1 b6 12. f3 h6 13. Be3 Bb7 14. Qd2 Kh7 15.
O-O Rfc8 16. Nb5 Qd8 17. Rfd1 Ne8 18. Bd4 e6 19. Bxg7 Kxg7 20. Qd4+ Kh7 21. Nc3
a6 22. f4 Bc6 23. Qe3 Qe7 24. Nd4 Bb7 25. Nf3 Rc7 26. Rd2 e5 27. f5 Nef6 28.
fxg6+ fxg6 29. Rcd1 Ng4 30. Ng5+ Qxg5 31. Qxg5 hxg5 32. Bxg4 Nf6 33. Rxd6 Nxg4
34. Rd7+ Rxd7 35. Rxd7+ Kh6 36. Rxb7 Ne3 37. Nd5 Nxc4 38. Nf6 g4 39. b3 Ne3 40.
Kf2 Nd1+ 41. Kg3 Ne3 42. Nxg4+ Nxg4 43. Kxg4 Rf8 44. Rxb6 Rf2 45. g3 Rxa2 46.
h4 Re2 47. h5 Rxe4+ 48. Kf3 Rd4 49. g4 Kh7 50. Rxg6 Rf4+ 51. Kg3 Rb4 52. Rxa6
Rxb3+ 53. Kh4 e4 54. Ra7+ Kg8 55. Re7 e3 56. Kg5 Kf8 57. Re4 Kf7 58. Kf4 Kf6
59. g5+ Kf7 60. Rxe3 Rb1 61. Kg4 Rg1+ 62. Rg3 Rh1 63. Rf3+ Kg7 64. h6+ Kg8 65.
Ra3 1-0

[Event "6. OPEN International Ch of Vojvodina 20"]
[Site "Novi Sad"]
[Date "2015.07.27"]
[Round "5.3"]
[White "Banas, Jan"]
[Black "Drazic, Sinisa"]
[Result "0-1"]
[WhiteElo "2279"]
[BlackElo "2439"]
[PlyCount "94"]
[EventDate "2015.07.25"]

1. c4 Nf6 2. Nc3 g6 3. e4 d6 4. d4 Bg7 5. Be2 O-O 6. Nf3 c5 7. O-O Re8 8. h3
cxd4 9. Nxd4 Nc6 10. Be3 Bd7 11. Nc2 Rc8 12. Qd2 Qc7 13. Rac1 Qb8 14. Bh6 Ne5
15. Bxg7 Kxg7 16. Ne3 Bc6 17. f4 Ned7 18. Bf3 a6 19. b4 b5 20. c5 dxc5 21. e5
Nxe5 22. fxe5 Qxe5 23. Bxc6 Rxc6 24. bxc5 Rxc5 25. Ncd1 Rxc1 26. Qxc1 Rd8 27.
Nf2 h5 28. Re1 Qf4 29. Qb2 e5 30. Nf1 Rd4 31. Re3 Nd5 32. Rf3 Qg5 33. Qa3 Ra4
34. Qb2 Rb4 35. Qc2 Rc4 36. Qd1 e4 37. Qa1+ Kg8 38. Rg3 Qf4 39. Qd1 e3 40. Nd3
Qd4 41. Qe2 Rc3 42. Ne1 Rc1 43. Nxe3 Nf4 44. Qf2 Nd3 45. Qd2 Rxe1+ 46. Kh2 Qa1
47. Nf1 Ne5 0-1

[Event "6. OPEN International Ch of Vojvodina 20"]
[Site "Novi Sad"]
[Date "2015.07.27"]
[Round "5.4"]
[White "Saric, Sinisa"]
[Black "Dronjic, Sinisa"]
[Result "1-0"]
[WhiteElo "2420"]
[BlackElo "2170"]
[PlyCount "83"]
[EventDate "2015.07.25"]

1. d4 d5 2. c4 e6 3. Nc3 c5 4. cxd5 exd5 5. Nf3 Nc6 6. dxc5 d4 7. Na4 Bxc5 8.
Nxc5 Qa5+ 9. Bd2 Qxc5 10. b4 Qb6 11. a4 a6 12. e3 dxe3 13. fxe3 Nf6 14. b5 axb5
15. axb5 Rxa1 16. Qxa1 Ne7 17. Bd3 O-O 18. Qd4 Ned5 19. Qxb6 Nxb6 20. Ke2 Be6
21. Rc1 Rc8 22. Rxc8+ Nxc8 23. e4 Nd7 24. Ke3 f6 25. Kd4 Nd6 26. Bf4 Nf7 27. h3
g5 28. Bc7 g4 29. hxg4 Bxg4 30. Bc4 Kf8 31. Nh2 Bd1 32. b6 Ke7 33. Nf1 Nd6 34.
Bd5 Be2 35. Nd2 Nc8 36. Bxb7 Ncxb6 37. Nb3 h5 38. Ke3 Bf1 39. Kf2 Bc4 40. Nd4
Be6 41. Kg3 Nc4 42. Nxe6 1-0

[Event "6. OPEN International Ch of Vojvodina 20"]
[Site "Novi Sad"]
[Date "2015.07.27"]
[Round "5.5"]
[White "Nomin-Erdene, Davaademberel"]
[Black "Radovanovic, Nikola"]
[Result "1/2-1/2"]
[WhiteElo "2303"]
[BlackElo "2420"]
[PlyCount "178"]
[EventDate "2015.07.25"]

1. e4 c5 2. Nf3 e6 3. d4 cxd4 4. Nxd4 Nf6 5. Nc3 d6 6. Be3 Be7 7. f3 O-O 8. Qd2
Nc6 9. g4 d5 10. g5 Nxd4 11. Qxd4 Nh5 12. exd5 Bxg5 13. O-O-O exd5 14. Nxd5 Be6
15. Bc4 Rc8 16. Bxg5 Qxg5+ 17. Kb1 Bxd5 18. Bxd5 b6 19. Rhg1 Qf6 20. Qg4 Nf4
21. Bxf7+ Kh8 22. Bb3 Rc7 23. Rd2 Ng6 24. Qg3 Re7 25. Rf1 b5 26. Rd6 Qf5 27.
Rd5 Re5 28. Rxe5 Nxe5 29. Bd5 Ng6 30. Qd6 Nf4 31. Be4 Qc8 32. Qe7 a5 33. Rg1
Ne6 34. Bd5 Qc5 35. Qxc5 Nxc5 36. Bc6 h6 37. Re1 Rf6 38. Bxb5 Rxf3 39. Re5 Nd7
40. Re8+ Nf8 41. c4 g5 42. c5 Kg7 43. c6 Rf7 44. Bc4 Rc7 45. Bd5 Ng6 46. Rb8
Ne7 47. Rb5 Nxd5 48. Rxd5 Rxc6 49. Rxa5 Kg6 50. b4 g4 51. Rd5 h5 52. b5 Rc4 53.
a3 h4 54. Rd3 Rc5 55. Rb3 g3 56. hxg3 h3 57. g4 h2 58. Rh3 Rxb5+ 59. Kc2 Rg5
60. Rxh2 Rxg4 61. Rf2 Re4 62. Rf3 Kg5 63. Kb3 Kg4 64. Rf6 Re2 65. Kb4 Re4+ 66.
Kb5 Re5+ 67. Kb6 Re4 68. Kb7 Re7+ 69. Kb6 Re4 70. Rd6 Kf5 71. Kb5 Re5+ 72. Kc4
Re4+ 73. Kc5 Ra4 74. Rd3 Ke4 75. Rb3 Ra8 76. Rh3 Ke5 77. Re3+ Kf4 78. Rd3 Ke4
79. Rg3 Kf4 80. Rh3 Ke5 81. Kb5 Kd6 82. Rh6+ Kc7 83. Rh7+ Kd6 84. a4 Rb8+ 85.
Kc4 Rc8+ 86. Kb4 Rb8+ 87. Ka3 Kc6 88. a5 Kb5 89. Rh5+ Ka6 1/2-1/2

[Event "6. OPEN International Ch of Vojvodina 20"]
[Site "Novi Sad"]
[Date "2015.07.27"]
[Round "5.6"]
[White "Jovicic, Radosav"]
[Black "Nadj Hedjesi, Balind"]
[Result "0-1"]
[WhiteElo "2207"]
[BlackElo "2410"]
[PlyCount "64"]
[EventDate "2015.07.25"]

1. c4 e6 2. g3 c5 3. Nf3 b6 4. Bg2 Bb7 5. O-O Nf6 6. d3 d5 7. cxd5 exd5 8. d4
Be7 9. b3 O-O 10. Bb2 Ne4 11. Na3 Nc6 12. Nc2 Bf6 13. Rc1 Re8 14. h4 Ba6 15.
Re1 Qc8 16. Ba1 Qe6 17. Nh2 Rad8 18. Bf3 c4 19. Ng4 Be7 20. Nge3 cxb3 21. axb3
Nb4 22. Rf1 Na2 23. Rb1 Nac3 24. Bxc3 Nxc3 25. Qd2 Nxb1 26. Rxb1 Bb7 27. Ne1
Bxh4 28. Bg4 Qg6 29. Bf5 Qf6 30. N1g2 Bg5 31. f4 Bh6 32. Ra1 a6 0-1

[Event "6. OPEN International Ch of Vojvodina 20"]
[Site "Novi Sad"]
[Date "2015.07.27"]
[Round "5.7"]
[White "Velikic, Adela"]
[Black "Leskur, Dejan"]
[Result "1-0"]
[WhiteElo "2128"]
[BlackElo "2384"]
[PlyCount "59"]
[EventDate "2015.07.25"]

1. e4 g6 2. d4 Bg7 3. Nc3 d6 4. f4 a6 5. Nf3 b5 6. Bd3 Bb7 7. e5 e6 8. a4 b4 9.
Ne4 Ne7 10. c3 Bxe4 11. Bxe4 d5 12. Bd3 bxc3 13. bxc3 c5 14. O-O Nd7 15. Qe2 c4
16. Bc2 h5 17. Rb1 Bf8 18. Ng5 Nf5 19. Rf3 Be7 20. Rh3 Bxg5 21. fxg5 Rb8 22.
Rxb8 Qxb8 23. Ba3 a5 24. Rf3 Qa7 25. Rf1 Kd8 26. Bxf5 gxf5 27. Rb1 Kc7 28. Bd6+
Kc8 29. h4 Qa6 30. Rb5 1-0

[Event "6. OPEN International Ch of Vojvodina 20"]
[Site "Novi Sad"]
[Date "2015.07.27"]
[Round "5.8"]
[White "Cabarkapa, Novak"]
[Black "Nestorovic, Lazar"]
[Result "1-0"]
[WhiteElo "2377"]
[BlackElo "2337"]
[PlyCount "69"]
[EventDate "2015.07.25"]

1. e4 c5 2. Nf3 e6 3. b3 a6 4. Bb2 d6 5. d4 cxd4 6. Nxd4 Nf6 7. Bd3 Be7 8. c4
O-O 9. O-O Qc7 10. Qe2 Bd7 11. Nc3 Nc6 12. Nxc6 Qxc6 13. f4 Qb6+ 14. Kh1 Bc6
15. Rad1 Rad8 16. Bb1 Ne8 17. Nd5 exd5 18. exd5 Bf6 19. Qc2 g6 20. dxc6 Bxb2
21. Qxb2 Qxc6 22. f5 d5 23. fxg6 hxg6 24. Be4 Nc7 25. cxd5 Qc5 26. Rd3 Ne8 27.
Rh3 Ng7 28. Qf6 Rd6 29. Qh4 f5 30. Qh7+ Kf7 31. Bxf5 gxf5 32. Rxf5+ Ke8 33.
Rxf8+ Kxf8 34. Rf3+ Ke8 35. Qg8+ 1-0

[Event "6. OPEN International Ch of Vojvodina 20"]
[Site "Novi Sad"]
[Date "2015.07.27"]
[Round "5.9"]
[White "Lajthajm, Borko"]
[Black "Pavkov, Nebojsa"]
[Result "1-0"]
[WhiteElo "2443"]
[BlackElo "2232"]
[PlyCount "86"]
[EventDate "2015.07.25"]

1. d4 d5 2. c4 e6 3. Nc3 Nf6 4. Bg5 Be7 5. e3 c6 6. Qc2 O-O 7. cxd5 exd5 8. Bd3
Nbd7 9. Nge2 Re8 10. f3 h6 11. Bh4 Bb4 12. Bf2 c5 13. a3 Ba5 14. dxc5 Nxc5 15.
Bb5 Ncd7 16. Rd1 a6 17. Bxd7 Bxd7 18. O-O Qc8 19. Qd2 Bxc3 20. Nxc3 Bc6 21. Bh4
Qe6 22. Rfe1 Rad8 23. Qd4 g5 24. Bg3 Rd7 25. Rd2 Nh5 26. Bf2 f5 27. Qb4 Nf6 28.
Ne2 Rg7 29. Nd4 Qd7 30. Rc2 g4 31. Bh4 Nh5 32. f4 Rg6 33. Bf2 Kf7 34. Rec1 Re4
35. g3 Ng7 36. Qb6 Ba4 37. Qc7 Ne8 38. Qc8 Qxc8 39. Rxc8 Bd7 40. Rd8 Rd6 41.
Rc3 Be6 42. Rb8 Rb6 43. b3 Bd7 1-0

[Event "6. OPEN International Ch of Vojvodina 20"]
[Site "Novi Sad"]
[Date "2015.07.27"]
[Round "5.10"]
[White "Mihalj, Miroslav M"]
[Black "Mesaros, Florian"]
[Result "1-0"]
[WhiteElo "2216"]
[BlackElo "2390"]
[PlyCount "117"]
[EventDate "2015.07.25"]

1. e4 c5 2. Nf3 Nc6 3. Bb5 g6 4. O-O Nd4 5. Bc4 Bg7 6. c3 Nxf3+ 7. Qxf3 e6 8.
d4 cxd4 9. cxd4 Ne7 10. Nc3 Nc6 11. Be3 O-O 12. Rfd1 a6 13. Rac1 b5 14. Bf1 Bb7
15. Qh3 Ne7 16. Bd3 Re8 17. Bb1 d6 18. Bh6 Bh8 19. Bg5 Qb6 20. Qh4 Nc6 21. Bf6
Bxf6 22. Qxf6 Qd8 23. Qf3 Qg5 24. Qg3 Qxg3 25. hxg3 Red8 26. f3 h5 27. Kf2 Kg7
28. Ne2 Rac8 29. Ke3 Ne7 30. Rxc8 Rxc8 31. Rc1 Rxc1 32. Nxc1 f5 33. a3 Kf6 34.
Ba2 g5 35. Nd3 Ng6 36. Bb3 Ne7 37. Ba2 Ng8 38. Bb3 Nh6 39. Bd1 Kg6 40. Be2 Ng8
41. e5 dxe5 42. dxe5 Ne7 43. Kd4 Nd5 44. Bd1 f4 45. Bc2 Kh6 46. gxf4 gxf4 47.
Bb3 Ne3 48. Nxf4 Nf5+ 49. Kd3 Kg5 50. Nxe6+ Kh4 51. Nc5 Bc6 52. Be6 Ne7 53. Ne4
Bxe4+ 54. Kxe4 Kg3 55. Bh3 Ng6 56. e6 h4 57. Kf5 Nf4 58. e7 Nh5 59. Kg6 1-0

[Event "6. OPEN International Ch of Vojvodina 20"]
[Site "Novi Sad"]
[Date "2015.07.27"]
[Round "5.11"]
[White "Martic, Ivan"]
[Black "Stikovic, Dobrica"]
[Result "1-0"]
[WhiteElo "2383"]
[BlackElo "2194"]
[PlyCount "67"]
[EventDate "2015.07.25"]

1. e4 e6 2. d4 d5 3. e5 c5 4. c3 Nc6 5. Nf3 Bd7 6. Be2 cxd4 7. cxd4 Nge7 8. O-O
Nf5 9. Nc3 Qb6 10. Na4 Qa5 11. Bd2 Bb4 12. Bxb4 Nxb4 13. Nc5 Qb6 14. a3 Nc6 15.
b4 Bc8 16. Rc1 O-O 17. Bd3 Ncxd4 18. Nxd4 Nxd4 19. Bxh7+ Kxh7 20. Qxd4 Qd8 21.
Rc3 b6 22. Ne4 f5 23. Nd6 Bd7 24. Rfc1 Be8 25. f4 Bh5 26. Rh3 g6 27. Rhc3 Be2
28. Rc7+ Kg8 29. b5 Bc4 30. Rc6 a6 31. Nxc4 dxc4 32. Qxc4 axb5 33. Qxe6+ Kh8
34. Qxg6 1-0

[Event "6. OPEN International Ch of Vojvodina 20"]
[Site "Novi Sad"]
[Date "2015.07.27"]
[Round "5.12"]
[White "Ovchinnikov, Vsevolod"]
[Black "Mrkonjic, Nenad"]
[Result "0-1"]
[WhiteElo "2231"]
[BlackElo "2380"]
[PlyCount "110"]
[EventDate "2015.07.25"]

1. d4 Nf6 2. c4 e6 3. Nf3 Bb4+ 4. Bd2 Qe7 5. g3 b6 6. Bg2 Bb7 7. O-O Bxd2 8.
Qxd2 d6 9. Nc3 Ne4 10. Nxe4 Bxe4 11. Qe3 Bb7 12. d5 e5 13. b4 Nd7 14. Nd2 O-O
15. Nb3 f5 16. c5 Nf6 17. c6 Ba6 18. Rac1 Qf7 19. Qd2 Qh5 20. f3 f4 21. a4 Rae8
22. b5 Bc8 23. Rcd1 g5 24. e4 Re7 25. g4 Qg6 26. h3 h5 27. Qe2 Rh7 28. Rd3 Kg7
29. Nd2 a5 30. Kf2 hxg4 31. fxg4 Rh4 32. Ke1 Rfh8 33. Rg1 Kf8 34. Kd1 Ke7 35.
Kc1 R4h6 36. Bf1 Qg7 37. Kc2 R8h7 38. Rf3 Qh8 39. Rd3 Rxh3 40. Bxh3 Rxh3 41.
Qf1 Rh2 42. Kc1 Bxg4 43. Rc3 Qh4 44. Qe1 Qh5 45. Qf1 Be2 46. Qe1 g4 47. Rc2 f3
48. Nxf3 Bxf3 49. Qg3 Rxc2+ 50. Kxc2 Bxe4+ 51. Kb2 Qh6 52. Qf2 Bf3 53. Rc1 Qf4
54. Qxb6 Qb4+ 55. Ka1 Qa3+ 0-1

[Event "6. OPEN International Ch of Vojvodina 20"]
[Site "Novi Sad"]
[Date "2015.07.27"]
[Round "5.13"]
[White "Popovic, Milan S"]
[Black "Maryasin, Boris"]
[Result "1/2-1/2"]
[WhiteElo "2211"]
[BlackElo "2332"]
[PlyCount "86"]
[EventDate "2015.07.25"]

1. e4 c5 2. Nf3 e6 3. b3 b6 4. d4 cxd4 5. Nxd4 Bb7 6. Nb5 d5 7. exd5 a6 8. N5c3
exd5 9. Bd3 Nf6 10. O-O Be7 11. Bb2 O-O 12. Ne2 Nc6 13. Nd2 Re8 14. Nd4 Ne5 15.
N2f3 Nxd3 16. cxd3 Bc5 17. Qd2 Qd7 18. Rfe1 a5 19. Ne5 Qc8 20. Qg5 h6 21. Qf4
Bxd4 22. Bxd4 Re6 23. Nf3 Ba6 24. Rxe6 Qxe6 25. Re1 Qg4 26. Qd6 Qf5 27. Qxb6
Bxd3 28. Bxf6 Qxf6 29. Qxf6 gxf6 30. Nd4 a4 31. f3 axb3 32. axb3 Ra2 33. Re8+
Kg7 34. Rd8 f5 35. Rxd5 f4 36. g3 fxg3 37. hxg3 Rb2 38. Ne6+ fxe6 39. Rxd3 Kf6
40. Rc3 h5 41. Re3 e5 42. Rc3 Kf5 43. Rd3 Ke6 1/2-1/2

[Event "6. OPEN International Ch of Vojvodina 20"]
[Site "Novi Sad"]
[Date "2015.07.27"]
[Round "5.14"]
[White "Pantelic, Sasa"]
[Black "Tisma, Ivan"]
[Result "1-0"]
[WhiteElo "2324"]
[BlackElo "2206"]
[PlyCount "125"]
[EventDate "2015.07.25"]

1. d4 g6 2. c4 Bg7 3. Nc3 d6 4. g3 Nd7 5. Bg2 e5 6. Nf3 Ne7 7. O-O O-O 8. dxe5
Nxe5 9. Nxe5 Bxe5 10. e4 Bg7 11. Be3 Be6 12. Bd4 Bxd4 13. Qxd4 Nc6 14. Qd3 Ne5
15. Qc2 Nxc4 16. b3 Nb6 17. f4 f5 18. Rad1 c6 19. Rfe1 Rf7 20. Bh3 d5 21. exf5
Bxf5 22. Bxf5 gxf5 23. Re5 Qf6 24. Rde1 Raf8 25. Kg2 d4 26. Ne2 Qd6 27. Rd1 Nd5
28. Qd3 c5 29. Kg1 Qc6 30. Qf3 Rd8 31. Qd3 Nb4 32. Qc4 Rd5 33. Nxd4 cxd4 34.
Qxb4 d3 35. Rxd5 Qxd5 36. Qc4 Qxc4 37. bxc4 Rd7 38. Kf2 Rd4 39. Ke3 Rxc4 40.
Rxd3 Rb4 41. Rd5 Rb2 42. a4 a6 43. a5 Kg7 44. Rxf5 Rxh2 45. g4 Rb2 46. Rd5 Rb4
47. g5 Kg6 48. Kf3 Rb1 49. Rd6+ Kg7 50. Kg4 Rb5 51. Rd7+ Kg8 52. f5 Rxa5 53.
Rxb7 Ra1 54. Ra7 a5 55. Kf4 a4 56. Ke5 Kf8 57. Rxh7 a3 58. Kf6 Ke8 59. Re7+ Kd8
60. Ra7 a2 61. g6 Kc8 62. g7 Kb8 63. Rxa2 1-0

[Event "6. OPEN International Ch of Vojvodina 20"]
[Site "Novi Sad"]
[Date "2015.07.27"]
[Round "5.15"]
[White "Zegarac, Vuk"]
[Black "Besedes, Danilo"]
[Result "1/2-1/2"]
[WhiteElo "2180"]
[BlackElo "2307"]
[PlyCount "126"]
[EventDate "2015.07.25"]

1. d4 g6 2. c4 Bg7 3. Nc3 d6 4. g3 Nd7 5. Bg2 e5 6. Nf3 Ne7 7. O-O O-O 8. dxe5
Nxe5 9. Nxe5 Bxe5 10. e4 Bg7 11. Be3 Be6 12. Qb3 Nc6 13. Nd5 b6 14. Rfd1 Qd7
15. Kh1 Bh3 16. Rac1 Bxg2+ 17. Kxg2 Rfe8 18. f3 a5 19. Qc2 Ne7 20. Nxe7+ Qxe7
21. Bd4 Be5 22. Bxe5 Qxe5 23. Rd2 Qc5 24. Rd5 Qc6 25. b3 Re6 26. Rcd1 Rae8 27.
Qd3 Re5 28. Rxe5 Rxe5 29. Qc3 h5 30. h4 Qe8 31. Rd5 Qc6 32. Qd3 Rxd5 33. exd5
Qe8 34. Qd2 Qe5 35. Qc2 Kg7 36. Kh3 Kf6 37. Kg2 Qf5 38. Qb2+ Ke7 39. Qe2+ Kd7
40. Kh2 Qf6 41. Qc2 Qe5 42. f4 Qe3 43. Kh3 Qe1 44. Kg2 Ke7 45. Qb2 Qe4+ 46. Kf2
f6 47. Kg1 Qe1+ 48. Kg2 Kf7 49. Qc2 Qe3 50. a4 Qe1 51. Qb2 Kg7 52. Qf2 Qxf2+
53. Kxf2 Kh6 54. Kf3 Kh7 55. Ke3 Kg7 56. Ke4 f5+ 57. Kd3 Kf6 58. Kd4 Kg7 59.
Ke3 Kf6 60. Kd2 Kg7 61. Ke3 Kf6 62. Kd2 Kg7 63. Ke3 Kf6 1/2-1/2

[Event "6. OPEN International Ch of Vojvodina 20"]
[Site "Novi Sad"]
[Date "2015.07.27"]
[Round "5.16"]
[White "Mikheev, Stanislav"]
[Black "Michalicka, Milan"]
[Result "1/2-1/2"]
[WhiteElo "2303"]
[BlackElo "2187"]
[PlyCount "156"]
[EventDate "2015.07.25"]

1. d4 Nf6 2. c4 c5 3. d5 b5 4. cxb5 a6 5. bxa6 g6 6. Nc3 Bxa6 7. Nf3 Bg7 8. e4
Bxf1 9. Kxf1 d6 10. g3 O-O 11. Kg2 Nbd7 12. a4 Qa5 13. Qe2 Rfb8 14. Ra3 Rb4 15.
b3 Qd8 16. Nd2 Qb8 17. Bb2 Ne8 18. Ba1 Bh6 19. Rb1 Nef6 20. Nc4 Nb6 21. Qa2
Nxc4 22. bxc4 Rxb1 23. Nxb1 Nxe4 24. a5 Bg7 25. Bxg7 Kxg7 26. a6 Qb4 27. Re3
Rxa6 28. Qxa6 Qxb1 29. Qa5 Qc2 30. Qe1 Nf6 31. Qe2 Qxe2 32. Rxe2 Kf8 33. f4 h5
34. Kf3 Ng4 35. h3 Nh6 36. g4 hxg4+ 37. hxg4 f6 38. Rg2 Nf7 39. Ke4 Kg7 40. Re2
Nh6 41. Kf3 Kf7 42. g5 Nf5 43. Rh2 Kg7 44. Ke4 Ng3+ 45. Kd3 Nh5 46. Rf2 Ng3 47.
Rf3 Nf5 48. Kc3 Nd4 49. Re3 Kf7 50. Re4 Nf3 51. Re3 Nd4 52. Re1 Nf3 53. Rf1 Nd4
54. Rf2 Nf5 55. Kd3 Nd4 56. Ke4 Nf5 57. Rf3 Nd4 58. Rd3 Nf5 59. Kf3 Nh4+ 60.
Kg4 Nf5 61. Ra3 Kg7 62. Rh3 Nd4 63. gxf6+ Kxf6 64. Re3 e6 65. dxe6 Nxe6 66. Ra3
Nd4 67. Ra6 Nf5 68. Kf3 g5 69. fxg5+ Kxg5 70. Ke4 Kf6 71. Kd5 Ke7 72. Ra7+ Kf6
73. Ra3 Ke7 74. Rh3 Kd7 75. Rh5 Ne7+ 76. Ke4 Ke6 77. Rh6+ Kd7 78. Rf6 Kc6
1/2-1/2

[Event "6. OPEN International Ch of Vojvodina 20"]
[Site "Novi Sad"]
[Date "2015.07.27"]
[Round "5.17"]
[White "Nikolovski, Nikola"]
[Black "Kozhabekov, Adilkhan"]
[Result "1/2-1/2"]
[WhiteElo "2293"]
[BlackElo "2161"]
[PlyCount "52"]
[EventDate "2015.07.25"]

1. e4 d5 2. exd5 Qxd5 3. Nf3 Nf6 4. d4 Bg4 5. Be2 Nc6 6. c4 Qa5+ 7. Bd2 Qf5 8.
Be3 e5 9. d5 Bxf3 10. gxf3 Nb4 11. Qa4+ Nd7 12. Na3 a6 13. c5 Nxd5 14. c6 bxc6
15. Qxc6 Bb4+ 16. Kf1 Nxe3+ 17. fxe3 O-O 18. Nc4 Nf6 19. Kf2 e4 20. Rhg1 Rae8
21. f4 Bc5 22. Ke1 Bb4+ 23. Kf2 Re6 24. Qb7 Bc5 25. Ke1 h6 26. Rg3 a5 1/2-1/2

[Event "6. OPEN International Ch of Vojvodina 20"]
[Site "Novi Sad"]
[Date "2015.07.27"]
[Round "5.18"]
[White "Remecki, Sinisa"]
[Black "Leroy, Didier"]
[Result "1/2-1/2"]
[WhiteElo "2173"]
[BlackElo "2290"]
[PlyCount "67"]
[EventDate "2015.07.25"]

1. e4 e5 2. Nc3 Nf6 3. g3 Bb4 4. Bg2 O-O 5. Nge2 c6 6. O-O h6 7. d4 d6 8. h3
Nbd7 9. Kh2 Re8 10. d5 a5 11. Be3 a4 12. a3 Bc5 13. Bxc5 Nxc5 14. dxc6 bxc6 15.
Qd2 Ba6 16. Rfd1 Qb6 17. Rab1 Rad8 18. Qe3 Qa5 19. Nc1 Ne6 20. b4 axb3 21. Nxb3
Qc7 22. a4 Rb8 23. Qd2 Red8 24. Qe3 Rb6 25. Nd2 Rdb8 26. Rxb6 Rxb6 27. Nb3 Nd4
28. Nxd4 exd4 29. Rxd4 Rb2 30. Qd2 Ne8 31. Nd1 Ra2 32. Nc3 Rb2 33. Nd1 Ra2 34.
Nc3 1/2-1/2

[Event "6. OPEN International Ch of Vojvodina 20"]
[Site "Novi Sad"]
[Date "2015.07.27"]
[Round "5.19"]
[White "Ciric, Dragan"]
[Black "Tancik, Kristijan"]
[Result "1/2-1/2"]
[WhiteElo "2125"]
[BlackElo "2279"]
[PlyCount "96"]
[EventDate "2015.07.25"]

1. e4 c5 2. Nf3 d6 3. d4 cxd4 4. Nxd4 Nf6 5. Nc3 Nc6 6. Bc4 Qb6 7. Nb3 e6 8.
Be3 Qc7 9. Qe2 Be7 10. g4 O-O 11. g5 Nd7 12. f4 a6 13. a4 b6 14. Rg1 Kh8 15.
Rg3 Re8 16. Rh3 Nf8 17. Qf2 Nb4 18. Bd3 Rb8 19. O-O-O Nxd3+ 20. Rxd3 b5 21. f5
b4 22. Nd1 exf5 23. exf5 g6 24. Bd4+ Kg8 25. fxg6 Bxg5+ 26. Kb1 fxg6 27. Rhf3
Ne6 28. h4 Nxd4 29. Nxd4 Bh6 30. Ne3 Bg7 31. Nd5 Qc5 32. Nf6+ Bxf6 33. Rxf6 Rb7
34. Rdf3 d5 35. h5 Bf5 36. Nxf5 Qxf2 37. Rxf2 gxf5 38. Rg2+ Rg7 39. Rxg7+ Kxg7
40. Rxf5 Rd8 41. Kc1 Rd6 42. Kd2 a5 43. Kd3 Kh6 44. Kd4 Rc6 45. Rxd5 Rxc2 46.
Rxa5 Rxb2 47. Rb5 Rc2 48. Rxb4 Kxh5 1/2-1/2

[Event "6. OPEN International Ch of Vojvodina 20"]
[Site "Novi Sad"]
[Date "2015.07.27"]
[Round "5.20"]
[White "Radovanovic, Mihajlo"]
[Black "Drljevic, Ljilja"]
[Result "1-0"]
[WhiteElo "2245"]
[BlackElo "2140"]
[PlyCount "121"]
[EventDate "2015.07.25"]

1. Nf3 d6 2. d4 Nf6 3. c4 Nbd7 4. Nc3 e5 5. Qc2 Be7 6. g3 O-O 7. Bg2 c6 8. O-O
Qc7 9. h3 Re8 10. Rd1 Bf8 11. e4 a6 12. Be3 g6 13. Rac1 Qb8 14. a3 b5 15. d5 c5
16. Bf1 bxc4 17. Nd2 Nb6 18. Kh2 Bd7 19. Bxc4 Nxc4 20. Nxc4 Qc7 21. Bg5 Nh5 22.
a4 Rab8 23. a5 Rb4 24. b3 Bc8 25. Na4 Qd7 26. g4 Nf4 27. Nab6 Qb5 28. Rb1 h6
29. Bh4 f6 30. f3 Bd7 31. Na3 Qxa5 32. Nxd7 Be7 33. Nc4 Qd8 34. Ndb6 Rxb6 35.
Nxb6 Qxb6 36. Qc4 Rb8 37. Be1 Qb5 38. Qxb5 axb5 39. Ra1 b4 40. Rd2 g5 41. Ra7
Kf7 42. Bg3 Ng6 43. Rda2 Rc8 44. Rb7 Ke8 45. Kg2 Bd8 46. Kf2 Bc7 47. Ke3 Kd7
48. Kd3 Nf8 49. h4 Kd8 50. hxg5 hxg5 51. Rh2 Rb8 52. Ra7 Bb6 53. Rf7 Ke8 54.
Rxf6 Ke7 55. Rhh6 Bc7 56. Rf5 c4+ 57. Kxc4 Bb6 58. Rxd6 Bd4 59. Rc6 Nd7 60.
Rxg5 Rf8 61. Rg7+ 1-0

[Event "6. OPEN International Ch of Vojvodina 20"]
[Site "Novi Sad"]
[Date "2015.07.27"]
[Round "5.22"]
[White "Kozomora, Dragan"]
[Black "Costachi, Mihnea"]
[Result "0-1"]
[WhiteElo "2094"]
[BlackElo "2360"]
[PlyCount "84"]
[EventDate "2015.07.25"]

1. Nf3 Nf6 2. g3 g6 3. Bg2 Bg7 4. O-O O-O 5. c4 d6 6. Nc3 Nc6 7. h3 e5 8. d3 h6
9. Rb1 a5 10. b3 Be6 11. e4 Nd7 12. Nd5 Ne7 13. d4 f6 14. Nxe7+ Qxe7 15. d5 Bf7
16. Nh4 Be8 17. Qc2 Qf7 18. f4 exf4 19. gxf4 f5 20. Bb2 Bxb2 21. Rxb2 Qe7 22.
Nf3 fxe4 23. Nd4 Nc5 24. f5 Qe5 25. Ne6 Rxf5 26. Nxc5 dxc5 27. Bxe4 Qd4+ 28.
Kg2 Rxf1 29. Kxf1 Bd7 30. Kg2 Re8 31. Bf3 Qf6 32. Qf2 Rf8 33. h4 Kh8 34. Re2 g5
35. hxg5 Rg8 36. Qe3 Rxg5+ 37. Kf2 Rf5 38. Re1 Rf4 39. Ke2 Qb2+ 40. Kf1 Bh3+
41. Kg1 Rg4+ 42. Kh1 Bg2+ 0-1

[Event "6. OPEN International Ch of Vojvodina 20"]
[Site "Novi Sad"]
[Date "2015.07.27"]
[Round "5.23"]
[White "Nestorovic, Dejan"]
[Black "Banovic, Ivan"]
[Result "1-0"]
[WhiteElo "2408"]
[BlackElo "2199"]
[PlyCount "83"]
[EventDate "2015.07.25"]

1. d4 g6 2. c4 Bg7 3. e4 d6 4. Nc3 Nf6 5. Be2 O-O 6. Nf3 c5 7. d5 e6 8. Bg5
exd5 9. cxd5 h6 10. Bh4 g5 11. Bg3 Nh5 12. Nd2 Nxg3 13. hxg3 a6 14. a4 Nd7 15.
Nc4 Ne5 16. Nxe5 Bxe5 17. Rxh6 Kg7 18. Rh5 Rh8 19. g4 Qf6 20. Qc2 Bd4 21. Nd1
Bd7 22. Ra3 Rxh5 23. gxh5 g4 24. Ne3 Qh4 25. Bxg4 Bxg4 26. Nxg4 Qh1+ 27. Ke2
Qxh5 28. Kd2 Qg5+ 29. Ke1 Qxg4 30. Rg3 Qxg3 31. fxg3 b5 32. a5 Rg8 33. Qe2 Kf6
34. g4 Ke7 35. Kd1 c4 36. Qd2 Bc5 37. g5 Rc8 38. Qc3 Rg8 39. Qf6+ Ke8 40. Qf5
Ke7 41. e5 dxe5 42. Qf6+ 1-0

[Event "6. OPEN International Ch of Vojvodina 20"]
[Site "Novi Sad"]
[Date "2015.07.27"]
[Round "5.24"]
[White "Bergez, Luc"]
[Black "Jovic, Stevan"]
[Result "1-0"]
[WhiteElo "2341"]
[BlackElo "2168"]
[PlyCount "73"]
[EventDate "2015.07.25"]

1. e4 c6 2. d4 d5 3. exd5 cxd5 4. Bd3 Nf6 5. c3 Nc6 6. Bf4 Bg4 7. Qb3 Qc8 8.
Nd2 a6 9. Ngf3 e6 10. O-O Be7 11. Rfe1 O-O 12. Ne5 Nxe5 13. dxe5 Nd7 14. Qc2 f5
15. exf6 Nxf6 16. Nb3 Bc5 17. h3 Bf5 18. Bxf5 exf5 19. Nxc5 Qxc5 20. Qxf5 Ne4
21. Qe6+ Kh8 22. Be3 Qb5 23. Qb6 Qd7 24. Rad1 Rf5 25. c4 Raf8 26. Rxd5 Rxd5 27.
cxd5 Qxd5 28. Qd4 Qf5 29. Rc1 Nf6 30. Rc7 b6 31. a3 h6 32. Ra7 b5 33. Rxa6 Rf7
34. Rd6 Kg8 35. Rd8+ Rf8 36. Rxf8+ Kxf8 37. Qc5+ 1-0